01061nam a2200241Ia 4500001000600000003000900006008004100015040001300056040001300069041001200082100001700094100002900111245007600140245003300216250001100249260001100260260002600271260004900297300005900346500034400405650003900749650003100788F0278IT-RoPAU130308s9999 xx 000 0 und d aIT-RoPAU cIT-RoPAU aINGLESE aDowning John gCodice Aut. SPICS: 29601 aCultural Studies, Communication and Change: Eastern Europe to the Urals bCultural Studies in Question a1a ed. aLONDON bSage Publications Ltd c1997 [1° Ed.:1997 - Ed.Ling.Originale:1997] a"18 p. (prefazione: no ; testo: 18 [pagine: 187-204])" aStudi Culturali, Comunicazione e Cambiamento: Europa dell'Est fino Agli Urali. Studi Culturali e Transizioni Economiche, politiche e Culturali in Russia, Polonia e Ungheria. implicazioni per Valutazione degli Approcci degli Studi Culturali. Studi Culturali e Transizioni dell'Europa dell'Est: Giovani, Musica, movimenti Sociali, Religione. aTEORIA DELLA COMUNICAZIONE SOCIALE eCodice materia Spics: 3802